|
|
|
|
| LEADER |
00000nam0a2200000 4500 |
| 001 |
315922 |
| 005 |
20231102002826.0 |
| 035 |
|
|
|a (RuTPU)RU\TPU\book\341359
|
| 090 |
|
|
|a 315922
|
| 100 |
|
|
|a 20160314d1981 km y0rusy50 ca
|
| 101 |
0 |
|
|a rus
|
| 102 |
|
|
|a RU
|
| 105 |
|
|
|a a z 001zy
|
| 200 |
1 |
|
|a Электрохимическая обработка в производстве деталей авиадвигателей
|e межвузовский сборник
|f Куйбышевский авиационный институт им. С. П. Королева ; под ред. И. А. Иващенко
|
| 210 |
|
|
|a Куйбышев
|c Изд-во Куйбышевского авиационного ин-та
|d 1981
|
| 215 |
|
|
|a 108 с.
|c ил.
|
| 320 |
|
|
|a Библиогр. в конце ст.
|
| 606 |
1 |
|
|a Авиационные двигатели
|x Детали
|x Обработка электрохимическая
|2 stltpush
|3 (RuTPU)RU\TPU\subj\208
|9 29209
|
| 610 |
1 |
|
|a межэлектродные промежутки
|
| 610 |
1 |
|
|a лопатки
|
| 610 |
1 |
|
|a малые отверстия
|
| 610 |
1 |
|
|a диски
|
| 610 |
1 |
|
|a газотурбинные двигатели
|
| 610 |
1 |
|
|a глубинное шлифование
|
| 610 |
1 |
|
|a секционные электроды
|
| 610 |
1 |
|
|a электроэрозионная обработка
|
| 610 |
1 |
|
|a кольцевые детали
|
| 610 |
1 |
|
|a сопла
|
| 610 |
1 |
|
|a перфорирование
|
| 675 |
|
|
|a 621.431.75-2
|v 4
|
| 702 |
|
1 |
|a Иващенко
|b И. А.
|4 340
|
| 712 |
0 |
2 |
|a Куйбышевский авиационный институт им. С. П. Королева
|c (1969-1992)
|2 stltpush
|3 (RuTPU)RU\TPU\col\8161
|9 24490
|
| 801 |
|
1 |
|a RU
|b 63413507
|c 20160314
|
| 801 |
|
2 |
|a RU
|b 63413507
|c 20200120
|g RCR
|
| 942 |
|
|
|c BK
|